000 00344pab a2200145 454500
008 180718b1989 xxu||||| |||| 00| 0 eng d
100 _aSwamy, Dalip S.
245 _aNew economic policy
_bA review
260 _c1989
300 _a21-30
362 _aJan.
650 _aIndia - Economic Policy
773 _aRadical Humanist
909 _a10820
999 _c10820
_d10820